| 000 | 00603nam a2200193Ia 4500 | ||
|---|---|---|---|
| 005 | 20260114185605.0 | ||
| 008 | 008 260114s9999 xx 000 0 eng d | ||
| 020 | _a9781350118560 | ||
| 037 | _aEBOOK | ||
| 040 |
_aCRL _beng _cCRL |
||
| 041 |
_aeng _2eng |
||
| 084 | _qCRL | ||
| 100 |
_aRebecca Kenneison _9871952 |
||
| 245 | 4 | _aThe Special Operations Executive in Malaya World War II and the Path to Independence | |
| 260 |
_bBloomsbury _c2019 |
||
| 856 | _uhttps://doi.org/10.5040/9781350118560?locatt=label:secondary_bloomsburyCollections | ||
| 942 | _cEBOOK | ||
| 999 |
_c1470900 _d1470900 |
||